Patrimoine et action publique au centre de villes mexicaines (notice nᵒ 12245)
[ vue normale ]
| 000 -Sello discográfico | |
|---|---|
| campo de control de longitud fija | 01522nam a2200373 4500 |
| 005 - Identificación de versión | |
| campo de control | 20251016085040.0 |
| 010 ## - Número Estándar Internacional de Libros (ISBN) | |
| Número (ISBN) | 2-87854-174-X (Presses) |
| 035 ## - Otros números de control del sistema | |
| Número de control del sistema | 27463 |
| 099 ## - fechas locales | |
| Tipo de ítem Koha | LIBRO |
| 100 ## - Datos de procesamiento general | |
| Datos de procesamiento general | 20010102d1998 m y1spay5003 ba |
| 105 ## - Campo de datos codificados: Material textual, monográfico | |
| Datos codificados de monografía | a 001zy |
| 200 1# - Título y mención de responsabilidad | |
| Título propio | Patrimoine et action publique au centre de villes mexicaines |
| Designación general del material | texto impreso |
| Primer mención de responsabilidad | Patrice Melé |
| 210 ## - Publicación, distribución, etc. | |
| Lugar de publicación, distribución, etc. | Paris |
| Nombre del editor, distribuidor, etc. | Presses de la Sorbonne Nouvelle |
| -- | Editions de l'Institut des Hautes Etudes de l'Amérique Latine |
| -- | Centre de recherche et de documentation sur l'Amérique latine |
| Fecha de publicación, distribución, etc. | 1998 |
| 215 ## - Descripción física | |
| Designación de material específico y extensión del ítem | 324 p |
| Otras características físicas | il. |
| Dimensiones | 24 cm |
| 318 ## - Nota de acción | |
| Acción | No se presta a domicilio |
| 320 ## - Nota de índices/bibliografías internas | |
| Texto de la nota | Bibliografía: p.299-318 |
| 345 ## - Nota de información de adquisición | |
| Fuente de adquisición/dirección de la suscripción [OBSOLETO] | Compra |
| 410 #1 - Series | |
| Título | Travaux & Mémoires de l'Institut des Hautes Etudes de l'Amérique Latine |
| Número Internacional Normalizado para Publicaciones Seriadas | 0993-5878 |
| Número de volumen | 66 |
| 606 ## - Término temático usado como materia | |
| Elemento de entrada | Bienes culturales, Protección de |
| Subdivisión geográfica | México |
| Número Koha | 14627 |
| 606 ## - Término temático usado como materia | |
| Elemento de entrada | Centros urbanos |
| Subdivisión geográfica | México |
| Número Koha | 18880 |
| 606 ## - Término temático usado como materia | |
| Elemento de entrada | Planeamiento urbano |
| Subdivisión geográfica | México |
| Número Koha | 18881 |
| 606 ## - Término temático usado como materia | |
| Elemento de entrada | Rehabilitación urbana |
| Subdivisión geográfica | México |
| Número Koha | 18882 |
| 660 ## - Código de área geográfica | |
| Código | MX |
| 700 ## - Nombre personal - Responsabilidad primaria | |
| Elemento de entrada | Melé |
| Parte del nombre distinta del elemento de entrada | Patrice |
| Fechas | 1959- |
| Número Koha | 1967 |
| 801 #0 - Fuente de origen | |
| Agencia | cm |
| 856 ## - Localización electrónica y acceso | |
| Identificador Uniforme de Recurso | https://books.openedition.org/iheal/2025?lang=fr |
| 900 ## - | |
| -- | 1/900 |
| 900 ## - | |
| -- | 7100112682\020101 |
| 942 ## - ELEMENTOS DE ENTRADA SECUNDARIOS (KOHA) | |
| Tipo de ítem Koha | Livre |
| 996 ## - | |
| -- | MEX |
| -- | 751145101 |
| -- | MMAG |
| -- | 004121 |
| -- | 307.72 M519P |
| -- | 20200629LIV |
| 996 ## - | |
| -- | MEX |
| -- | 751145101 |
| -- | MMAG |
| -- | 004123 |
| -- | R307.72 M519P |
| -- | 20200630LIV |
| Estatus retirado | Estado de daño | Estado de pérdida | Fecha de adquisición | Biblioteca de origen | Biblioteca actual | Ubicación en estantería | Código de barras | Precio de reemplazo | Signatura topográfica completa | No para préstamo | Tipo de ítem Koha | Nota pública | Nota no pública |
|---|---|---|---|---|---|---|---|---|---|---|---|---|---|
| 05/08/2025 | Casa México Paris | Casa México Paris | 004121 | 05/08/2025 | 307.72 M519P | No se presta a domicilio | Livre | 20200629LIV | 751145101 |